| 000 | 00409cam a2200169ua 4500 | ||
|---|---|---|---|
| 020 | _c1.50 | ||
| 041 |
_amal _h |
||
| 082 |
_a894.81209 _bWOR/AM |
||
| 100 | _aWordsworth, William . | ||
| 245 |
_aAmrutha Geetham / _cWilliam Wordsworth. _hTextual Documents |
||
| 260 |
_aCalicut : _bP.K Brothers , _c1962. |
||
| 300 | _a103 ; . | ||
| 365 | _a1.50 | ||
| 504 | _a | ||
| 942 | _cBK | ||
| 999 |
_c1015 _d1015 |
||